Genetics From genes to genomes
Saved in:
| Main Author: | |
|---|---|
| Format: | Book |
| Language: | Undetermined |
| Published: |
Boston, Mas.
McGraw-Hill
2000
|
| Subjects: | |
| Tags: |
Add Tag
No Tags, Be the first to tag this record!
|
| Institutions: | Trung tâm Học liệu Trường Đại học Cần Thơ |
|---|
| LEADER | 00485nam a2200181Ia 4500 | ||
|---|---|---|---|
| 001 | CTU_51083 | ||
| 008 | 210402s9999 xx 000 0 und d | ||
| 082 | |a 576.5 | ||
| 082 | |b G328 | ||
| 100 | |a LELAND H HARTWELL ...[et al.] | ||
| 245 | 0 | |a Genetics | |
| 245 | 0 | |b From genes to genomes | |
| 245 | 0 | |c LELAND H HARTWELL ...[et al.] | |
| 260 | |a Boston, Mas. | ||
| 260 | |b McGraw-Hill | ||
| 260 | |c 2000 | ||
| 650 | |a genetics | ||
| 980 | |a Trung tâm Học liệu Trường Đại học Cần Thơ | ||